Geography Quiz

Random Geography or State Quiz

Cities of Four-Corner States Quiz Stats

 Plays Quiz Updated Aug 9, 2015

Challenge
Share
Tweet
Embed
Score 0/24 Timer 06:00
0 Plays Today
% Correct
Phoenix
96.6%
Denver
93.5%
Colorado Springs
93.3%
Salt Lake City
91.9%
Albuquerque
91.4%
Santa Fe
90.4%
Tucson
89.6%
Las Cruces
82.2%
Aurora
80.2%
Mesa
80.1%
Glendale
79.4%
Rio Rancho
77.3%
% Correct
Fort Collins
76.7%
Roswell
76.5%
Provo
76.3%
Orem
67.7%
West Valley City
67.4%
Chandler
66.8%
Lakewood
64.6%
West Jordan
63.9%
Sandy
56.7%
Gilbert
54.7%
Farmington
41.9%
Thornton
40.9%

You're not logged in!

Compare scores with friends on all Sporcle quizzes.
OR
Log In

You Might Also Like...

Show Comments

Extras

Top Quizzes Today


Score Distribution

Your Account Isn't Verified!

In order to create a playlist on Sporcle, you need to verify the email address you used during registration. Go to your Sporcle Settings to finish the process.

Report this User

Report this user for behavior that violates our Community Guidelines.

Details: